[Event "Nezhmetdinov Memorial 39th"]
[Site "Kazan"]
[Date "2017.06.07"]
[Round "8"]
[White "Nikolaeva, Ksenya"]
[Black "Setyukov, Radel"]
[Result "0-1"]
[WhiteElo "1743"]
[BlackElo "1916"]
[PlyCount "92"]
[EventDate "2017.05.31"]
[EventType "swiss"]
[EventRounds "9"]
[EventCountry "RUS"]
[SourceTitle "EXT 2018"]
[Source "ChessBase"]
[SourceDate "2017.10.13"]
[SourceVersion "1"]
[SourceVersionDate "2017.10.13"]
[SourceQuality "1"]

1. e4 c5 2. Nf3 e6 3. d4 cxd4 4. Nxd4 Nc6 5. Nc3 a6 6. Be3 Qc7 7. Be2 Nf6 8. 0-0 Be7 9. Nb3 b5 10. a3 0-0 11. f4 d6 12. Qe1 Bb7 13. Bf3 Rfd8 14. Rd1 Bf8 15. Qf2 Qe7 16. Bb6 Rdc8 17. Rfe1 Nd7 18. Be3 g6 19. f5 Bg7 20. Qd2 Nde5 21. Be2 b4 22. Na4 bxa3 23. Nb6 axb2 24. Nxa8 Rxa8 25. fxe6 fxe6 26. c3 a5 27. Qxb2 a4 28. Nd4 a3 29. Qa2 Nxd4 30. cxd4 Nc6 31. Bc4 Nb4 32. Bxe6+ Kh8 33. Qb3 Bxe4 34. Bf2 d5 35. Bg4 Qg5 36. Rxe4 dxe4 37. Qxb4 Qxg4 38. Ra1 Qc8 39. Be3 a2 40. Qb2 Qa6 41. Qc2 Qe6 42. Qb2 Qc4 43. Qb7 Qa4 44. Qxe4 Re8 45. Qd5 Rxe3 46. Rxa2 Qd1+ 0-1